000 00393 a2200157 4500
001 10921
020 _a9788535708325
040 _cAnchieta - Aquarius
100 _aLadeira, Julieta de Godoy
240 1 0 _a=Aventuras e perigos de um copo dágua
_lpor
245 1 0 _a=Aventuras e perigos de um copo dágua
300 _a64
362 0 _a2004
650 4 _aLiteratura brasileira
942 _cBK
999 _c10921
_d10921